| 000 | 00892nac a22002897a 4500 | ||
|---|---|---|---|
| 001 | BR9101801 | ||
| 003 | BR-BrBNA | ||
| 005 | 20240105121159.0 | ||
| 008 | 230509b bl.|||m| |||| 00| 0 por d | ||
| 040 |
_aBR-BrBNA _bpor _cBiblioteca Nacional de Agricultura |
||
| 072 | _aF08 | ||
| 090 | _a2120 BR9101801 | ||
| 100 | 1 | _aMatiello, J.B. | |
| 100 | 1 | _aPietro, C. di | |
| 100 | 1 | _aCamargo, A.P. de | |
| 110 | 1 |
_aInstituto Brasileiro do Cafe, Rio de Janeiro, RJ (Brasil) _95880 |
|
| 245 | 1 | _aCombinacao de cafe com seringueira | |
| 260 | 3 |
_aRio de Janeiro, RJ (Brasil): _c1985. |
|
| 300 | _a10 p. | ||
| 490 |
_aInstrucoes Tecnicas sobre a Cultura de Cafe no Brasil (Brazil) _vno. 19 _x |
||
| 650 | _aCAFE | ||
| 650 | _aSERINGUEIRA | ||
| 650 | _aCULTIVO INTERCALADO | ||
| 650 | _aDENSIDADE DE SEMEADURA | ||
| 909 |
_a202312 _bLúcia Elande _c55 _dLúcia Elande |
||
| 942 |
_2AGRIS _n0 _cMS |
||
| 999 |
_c283776 _d283776 |
||